| 000 | 00521nam a2200181Ia 4500 | ||
|---|---|---|---|
| 005 | 20250326124404.0 | ||
| 008 | 250326s9999 xx 000 0 und d | ||
| 037 | _aTextbook | ||
| 040 |
_aFMSL _beng _cFMSL |
||
| 041 |
_aeng _2eng |
||
| 084 |
_aX:76 J4 _qFMSL |
||
| 100 |
_aAllen C L _9736559 |
||
| 245 | 0 |
_aProblems in the theory of price _cAllen C L; Morgner A And Others |
|
| 260 |
_aNew Jersey _bNew Jersey, Prentice-Hall _c1954 |
||
| 300 | _a166p | ||
| 942 |
_cTB _hX:76 J4 |
||
| 999 |
_c1273521 _d1273521 |
||